000 00971nmm a2200277 a 4500
001 ocm000701307
003 TR-IsHL
005 20201028135601.0
008 131209s1984 tu tur
007 cr cn
035 _a701307
_b(N$T)
050 0 4 _aKKX3538.A28
_bT65 1984
090 0 4 _aKKX3538.A28
_bT65 1984
245 1 0 _aTPKK hakkında 30 sayılı karar
_h[electronic resource] /
_cİstanbul Ticaret Odası
260 _aİstanbul :
_bİstanbul Ticaret Odası,
_c1984
300 _a36 p.
650 4 _aEkonomi ve Finans
650 4 _aEconomics and Finance
650 0 _aPara
_x Türkiye
650 0 _aMoney
_x Turkey
650 0 _aKambiyo
_x Hukuk ve mevzuat
_x Türkiye
650 0 _aForeign exchange
_x Law and legislation
_x Turkey
650 7 _aBUSINESS & ECONOMICS / Money & Monetary Policy
_2bisacsh
700 1 _aİstanbul Ticaret Odası
856 4 0 _uhttp://search.ebscohost.com/login.aspx?direct=true&scope=site&db=e011xww&AN=701307
999 _c6821
_d6821